000 01335 a2200205 4500
001 55029
005 20260407155826.0
008 260407a1971 arg spa d
003 AR-UNSa-BCEJYS
040 _aAR-UNSa-BCEJYS
_bspa
_cAR-UNSa-BCEJYS
080 _a1
_xFilosofía. Psicología
245 1 0 _aPsicología clinica
_pciencia y profesión
264 1 _aMéxico :
_bCentro Regional de Ayuda Técnica
_c1971
300 _a225 p.
_c19 cm.
505 _aPrimera parte: Investigación y comentarios - 1. El desarrollo de la psicología clínica - 2. Las funciones de la psicología clínica - 3. Nuevas orientaciones de la psicología clínica - Segunda parte: Lecturas escogidas - 1. Una historia de la psicología experimental - 2. Cincunta años de psicología clínica: psicología clínica 1896-1946 - 3. Una breve historia de la psicología clínica - 4. Psicología clínica: la década de posguerra - 5. El psicólogo clínico - 6. Predicción clínica o predicción estadística - 7. Predicción clínica y predicción estadística: una reformulación y algunos datos nuevos - 8. Un estudio de la conducta humana: el psicólogo clínico - 9. El científico profesional: ¿puede lograrlo la psicología?
942 _cBK
590 _aniveau_biblio:m niveau_hierar:0
100 1 _aMensh, Iván N.
700 1 _aMazía, Floreal
999 _c5874
_d5874